Central Library OPAC University of Rajshahi

اسير حرص : ڈرامه / Asīr-i ḥirṣ : ḍrāmah / (Record no. 85222)

MARC details
000 -LEADER
fixed length control field 00677nam a2200205 a 4500
001 - CONTROL NUMBER
control field 85222
003 - CONTROL NUMBER IDENTIFIER
rucl marc code BD-RjUL
005 - DATE AND TIME OF LATEST TRANSACTION
control field 20250716124119.0
008 - FIXED-LENGTH DATA ELEMENTS--GENERAL INFORMATION
fixed length control field 250716s1954 pk ||||| |||| 00| 0 urd d
035 ## - SYSTEM CONTROL NUMBER
System control number (BD-RjUL)85222
040 ## - CATALOGING SOURCE
Original cataloging agency BD-RjUL
Language of cataloging eng
Transcribing agency BD-RjUL
041 ## - LANGUAGE CODE
Language code of text/sound track or separate title urd
082 ## - DEWEY DECIMAL CLASSIFICATION NUMBER
Edition number 23
Classification number 891.4392
Author mark and year KAA 1954
100 ## - MAIN ENTRY--PERSONAL NAME
Personal name کاشميرى ، آغا حشر ;; kashmiri, agha hashar
9 (RLIN) 16067
245 10 - TITLE STATEMENT
Title اسير حرص : ڈرامه / Asīr-i ḥirṣ : ḍrāmah /
Statement of responsibility, etc. آغا محمد شاہ حشر کاشمیری ،;; Agha Muhammad Shah Hashar Kashmiri,
260 ## - PUBLICATION, DISTRIBUTION, ETC. (IMPRINT)
Place of publication, distribution, etc. Lahore :
Name of publisher, distributor, etc. Urdu Makaj,
Date of publication, distribution, etc. 1954
300 ## - PHYSICAL DESCRIPTION
Pagination 70 p. ;
Size 17 cm
650 ## - SUBJECT ADDED ENTRY--TOPICAL TERM
Topical term or geographic name as entry element Urdu Drama
942 ## - ADDED ENTRY ELEMENTS (KOHA)
Source of classification or shelving scheme Dewey Decimal Classification
Koha item type Books
Holdings
Lost status Source of classification or shelving scheme Damaged status Not for loan Collection code Permanent Location Current Location Shelving location Date acquired Source of acquisition Total Checkouts Full call number Date last seen Copy number Koha item type
  Dewey Decimal Classification   Not For Loan Non-fiction Central Library, University of Rajshahi Central Library, University of Rajshahi Reading Room 10/08/1989 Muhammad B. Brathers   U 891.4392 KAA 1954 16/07/2025 C-1 Books